Statistiques concernant Oiseaux d'Europe 2

Cliquez ici pour prendre le quiz!

Statistiques générales

  • Ce quiz a été pris 24 fois
  • Le résultat moyen est 10 sur 15

Statistiques - réponses

Réponse% Correct
Pic vert
95%
Martin-pêcheur
81%
Merle noir
81%
Chardonneret élégant
71%
Huppe fasciée
71%
Pic épeiche
71%
Pic noir
71%
Troglodyte mignon
67%
Verdier d'Europe
67%
Loriot d'Europe
62%
Roitelet huppé
57%
Pie-grièche écorcheur
52%
Accenteur mouchet
48%
Alouette des champs
48%
Tarier pâtre
48%

Distribution des résultats

Percentile par nombre de réponses

% des personnes avec chaque résultat

Votre développement - résultats

Vous n’avez pas pris ce quiz